Loading...

Bharat ki videsh neeti aur aatangvad /

Bibliographic Details
Main Author: Dixit, J. N.
Language:Undetermined
Published: New Delhi : Gyan books , 2006.
LEADER 00492nam a2200145Ia 4500
001 175546
008 170722s9999 xx 000 0 und d
020 |a 8121208858 
100 |a Dixit, J. N. 
245 |a Bharat ki videsh neeti aur aatangvad / 
260 |a New Delhi :  |b Gyan books ,  |c 2006. 
300 |a 325 p. 
942 |c GEN 
999 |c 168460  |d 168460 
952 |0 0  |1 0  |4 0  |6 V_219_OAW815_152_000000000000000_P6  |7 0  |9 233428  |a LIB  |b LIB  |d 2017-08-12  |o V2:19 OaW815 152 P6  |p G35800  |r 2017-08-12  |v 540.00  |w 2017-08-12  |y GEN